|
|
|
|
| LEADER |
00000nas a2200000 a 4500 |
| 001 |
ssj0011087 |
| 003 |
WaSeSS |
| 005 |
20200512172242.0 |
| 006 |
m d |
| 007 |
cr n |
| 008 |
901221c19879999enkwr p s 0 0eng c |
| 010 |
|
|
|a 93660626
|z sn 93019619
|
| 015 |
|
|
|a GB8933906
|2 bnb
|
| 016 |
7 |
|
|a 011120614
|2 Uk
|
| 022 |
|
|
|l 0953-7902
|y 0953-7902
|
| 035 |
|
|
|a (WaSeSS)ssj0011087
|
| 037 |
|
|
|b Centaur Communications Group, St. Giles House, 49/50 Poland Street, London, WIV4AX
|
| 040 |
|
|
|a EUN
|b eng
|c EUN
|d IUB
|d CLU
|d DLC
|d OCLCQ
|d CUS
|d OCLCQ
|d DLC
|d UKMGB
|d OCLCQ
|d OCLCF
|d OCLCO
|d MYTML
|d LIP
|d U3G
|d VT2
|d WaSeSS
|
| 042 |
|
|
|a pcc
|
| 043 |
|
|
|a e-uk---
|
| 050 |
1 |
0 |
|a K12
|b .A942
|
| 082 |
0 |
0 |
|a 349.41/005
|2 20
|
| 130 |
0 |
|
|a Lawyer (London, England : 1987)
|
| 245 |
1 |
4 |
|a The lawyer
|h [electronic resource].
|
| 260 |
|
|
|a London :
|b Centaur Communications Group
|
| 310 |
|
|
|a Weekly
|
| 362 |
1 |
|
|a Began in 1987.
|
| 506 |
|
|
|a License restrictions may limit access.
|
| 588 |
|
|
|a Description based on: Vol. 4, issue 11 (Mar. 20, 1990); title from caption.
|
| 588 |
|
|
|a Latest issue consulted: Vol. 7, issue 10 (Mar. 9, 1993).
|
| 650 |
|
0 |
|a Law
|z Great Britain
|v Periodicals.
|
| 650 |
|
7 |
|a Law.
|2 fast
|0 (OCoLC)fst00993678
|
| 651 |
|
7 |
|a Great Britain.
|2 fast
|0 (OCoLC)fst01204623
|
| 653 |
|
|
|a Law
|a Serials
|
| 655 |
|
0 |
|a Electronic journals.
|
| 850 |
|
|
|a CLU-L
|
| 856 |
4 |
0 |
|z Full text available from Research Library: 01/06/2003 to 12/10/2012
|u https://search.proquest.com/publication/31282
|